[Event "SRB Team Chmp 2008"]
[Site "Subotica"]
[Date "2008.09.09"]
[Round "8.1"]
[White "Mastrovasilis, Dimitrios"]
[Black "Ivanisevic, Ivan"]
[Result "1/2-1/2"]
[WhiteElo "2563"]
[BlackElo "2664"]
[PlyCount "21"]
[EventDate "2008.09.01"]

1. e4 e5 2. Nf3 Nc6 3. Bb5 a6 4. Ba4 Nf6 5. O-O Be7 6. d4 exd4 7. e5 Ne4 8.
Nxd4 O-O 9. Nf5 d5 10. exd6 Bxf5 11. dxe7 1/2-1/2

[Event "SRB Team Chmp 2008"]
[Site "Subotica"]
[Date "2008.09.09"]
[Round "8.1"]
[White "Damljanovic, Branko"]
[Black "Ivanovic, Bozidar"]
[Result "1-0"]
[WhiteElo "2579"]
[BlackElo "2436"]
[PlyCount "49"]
[EventDate "2008.09.01"]

1. d4 Nf6 2. Nf3 g6 3. c4 Bg7 4. Nc3 d5 5. Qa4+ Bd7 6. Qb3 dxc4 7. Qxc4 O-O 8.
e4 Na6 9. Qb3 c5 10. d5 e6 11. Bxa6 bxa6 12. O-O exd5 13. exd5 Re8 14. Bf4 Ne4
15. Rfe1 Nxc3 16. bxc3 Qa5 17. Be5 Bg4 18. Bxg7 Bxf3 19. Be5 c4 20. Qxc4 Bxd5
21. Qf4 Re6 22. Bd4 f5 23. Rxe6 Bxe6 24. h4 Rc8 25. Re1 1-0

[Event "SRB Team Chmp 2008"]
[Site "Subotica"]
[Date "2008.09.09"]
[Round "8.1"]
[White "Cvetkovic, Srdjan"]
[Black "Iordachescu, Viorel"]
[Result "1/2-1/2"]
[WhiteElo "2374"]
[BlackElo "2579"]
[PlyCount "84"]
[EventDate "2008.09.01"]

1. Nf3 Nf6 2. c4 e6 3. Nc3 c5 4. g3 b6 5. Bg2 Bb7 6. O-O Be7 7. d4 cxd4 8. Qxd4
d6 9. Rd1 a6 10. Bg5 Nbd7 11. Qd2 O-O 12. Bf4 Ne8 13. Rac1 Rc8 14. b3 Qc7 15.
Ng5 Bxg2 16. Kxg2 Qb7+ 17. f3 h6 18. Nge4 Rc6 19. g4 b5 20. cxb5 axb5 21. a4
bxa4 22. bxa4 Ndf6 23. h4 Nxe4 24. Nxe4 d5 25. Ng3 Bxh4 26. Nh5 f5 27. Rh1 Rxc1
28. Qxc1 Qe7 29. a5 fxg4 30. fxg4 e5 31. Bg3 Bxg3 32. Nxg3 Nf6 33. g5 Ng4 34.
gxh6 Nxh6 35. Qc6 Rd8 36. a6 Nf7 37. Ra1 Qd6 38. Qb7 Rb8 39. Nf5 Qg6+ 40. Ng3
Qd6 41. Nf5 Qg6+ 42. Ng3 Qd6 1/2-1/2

[Event "SRB Team Chmp 2008"]
[Site "Subotica"]
[Date "2008.09.09"]
[Round "8.1"]
[White "Stojanovic, Mihajlo"]
[Black "Cobic, Vladimir"]
[Result "1/2-1/2"]
[WhiteElo "2552"]
[BlackElo "2306"]
[PlyCount "99"]
[EventDate "2008.09.01"]

1. Nf3 g6 2. e4 c5 3. c3 Bg7 4. d4 cxd4 5. cxd4 d5 6. exd5 Nf6 7. Bb5+ Nbd7 8.
d6 O-O 9. dxe7 Qxe7+ 10. Be2 Re8 11. Nc3 Ne4 12. Nxe4 Qxe4 13. Be3 Nb6 14. Qd3
Qe7 15. Bg5 Qb4+ 16. Bd2 Qxb2 17. O-O Bf5 18. Qb5 Bxd4 19. Nxd4 Qxd2 20. Rfd1
Qf4 21. Nxf5 Qxf5 22. Qxf5 gxf5 23. Bf3 Re7 24. Rdb1 Rc8 25. Rb5 f4 26. h4 Rc4
27. Rd1 h6 28. Rd2 Kg7 29. Kh2 Rcc7 30. Rd4 Nc4 31. Rxf4 Ne5 32. Bd5 b6 33. Rb3
Rc5 34. Rg3+ Kf8 35. Bb3 b5 36. Rf6 Rc6 37. Rf5 a6 38. Kh3 Nc4 39. Rc3 Rec7 40.
g4 Kg7 41. g5 hxg5 42. Rxg5+ Rg6 43. Rf5 Rcc6 44. f4 Nd6 45. Rxc6 Nxf5 46. Rc7
Rf6 47. Rd7 a5 48. a4 bxa4 49. Bxa4 Rd6 50. Ra7 1/2-1/2

[Event "SRB Team Chmp 2008"]
[Site "Subotica"]
[Date "2008.09.09"]
[Round "8.1"]
[White "Dudukovic, Nikola"]
[Black "Pavlovic, Milos M"]
[Result "1/2-1/2"]
[WhiteElo "2180"]
[BlackElo "2537"]
[PlyCount "108"]
[EventDate "2008.09.01"]

1. e4 e5 2. Nf3 Nc6 3. Bb5 a6 4. Ba4 Nf6 5. O-O Nxe4 6. d4 b5 7. Bb3 d5 8. dxe5
Be6 9. Nbd2 Be7 10. c3 O-O 11. Bc2 f5 12. Nb3 Qd7 13. Nbd4 Nxd4 14. cxd4 Rac8
15. Ne1 c5 16. f3 cxd4 17. fxe4 dxe4 18. Bb3 Bc5 19. Kh1 d3 20. Bf4 Bb6 21.
Nxd3 exd3 22. Rf3 Bxb3 23. Qxb3+ Rc4 24. Rxd3 Qf7 25. Bd2 Bc7 26. Re1 Re8 27.
Bc3 h6 28. Qd1 Qe6 29. a3 Re7 30. Rd6 Qc8 31. Rd5 Kh7 32. Qd3 Qe6 33. h3 Rf7
34. Bb4 Rc6 35. Bc3 Rc4 36. Bb4 Kh8 37. Bc3 f4 38. Qf3 Rf5 39. Rd2 Rg5 40. Qa8+
Kh7 41. Qd5 Rg6 42. Qd3 Kh8 43. Qf1 Qf5 44. Rde2 f3 45. g4 Qf8 46. e6 Qa8 47.
Rf2 Bg3 48. e7 Rc8 49. Qd3 Rg5 50. Qxf3 Bxf2 51. Qxa8 Rxa8 52. e8=Q+ Rxe8 53.
Rxe8+ Kh7 54. Re6 Rg6 1/2-1/2

[Event "SRB Team Chmp 2008"]
[Site "Subotica"]
[Date "2008.09.09"]
[Round "8.1"]
[White "Lajthajm, Borko"]
[Black "Sarenac, David"]
[Result "1-0"]
[WhiteElo "2513"]
[BlackElo "2222"]
[PlyCount "111"]
[EventDate "2008.09.01"]

1. d4 Nf6 2. c4 g6 3. Nf3 Bg7 4. Nc3 d5 5. Qb3 dxc4 6. Qxc4 O-O 7. Bf4 Na6 8.
e4 c5 9. dxc5 Be6 10. Qb5 Bd7 11. Qxb7 Nxc5 12. Qb4 Rc8 13. Be5 a5 14. Qa3 Qb6
15. Bxf6 Bxf6 16. e5 Bg7 17. Be2 Bc6 18. O-O e6 19. Nd2 Qb4 20. Nc4 Qxa3 21.
bxa3 Bd5 22. Nxd5 exd5 23. Nxa5 Bxe5 24. Rad1 Rfd8 25. Bb5 Rd6 26. a4 Ra8 27.
Nc6 Bf6 28. a5 Ne4 29. a4 Nc3 30. Rd2 Rc8 31. Nb4 Nxb5 32. Rxd5 Rxd5 33. Nxd5
Nc3 34. Nxf6+ Kg7 35. Nd7 Ra8 36. Nb6 Rxa5 37. Ra1 Kf6 38. f3 Ra6 39. a5 Ke5
40. Kf2 Kd4 41. h4 h5 42. Nd7 Ra7 43. a6 Nd5 44. Ra4+ Kc3 45. Nb8 Nc7 46. Ke3
Kb3 47. Ra5 Kc4 48. Ke4 Ra8 49. a7 Nb5 50. Nc6 f6 51. Kf4 Kc5 52. Ne7 Rxa7 53.
Rxa7 Nxa7 54. Nxg6 Kd4 55. g4 hxg4 56. fxg4 1-0

[Event "SRB Team Chmp 2008"]
[Site "Subotica"]
[Date "2008.09.09"]
[Round "8.2"]
[White "Antic, Dejan"]
[Black "Perunovic, Milos"]
[Result "1/2-1/2"]
[WhiteElo "2482"]
[BlackElo "2589"]
[PlyCount "69"]
[EventDate "2008.09.01"]

1. d4 Nf6 2. c4 e6 3. Nf3 Bb4+ 4. Bd2 c5 5. Bxb4 cxb4 6. g3 O-O 7. Bg2 d6 8. a3
Nc6 9. O-O bxa3 10. Rxa3 e5 11. Nc3 Bg4 12. h3 Bxf3 13. Bxf3 Nxd4 14. Bxb7 Rb8
15. Bg2 Rxb2 16. e3 Ne6 17. Rxa7 Nc5 18. Nd5 Nxd5 19. Bxd5 Qf6 20. Qa1 Rb6 21.
Rb1 Rxb1+ 22. Qxb1 h5 23. Kg2 g6 24. h4 Kg7 25. Qd1 Ne6 26. Qf3 Rb8 27. Qxf6+
Kxf6 28. Rd7 Rb6 29. f4 e4 30. Kf2 Rb2+ 31. Kf1 Rb3 32. Ke2 Rb2+ 33. Kf1 Rb3
34. Kf2 Rb2+ 35. Kf1 1/2-1/2

[Event "SRB Team Chmp 2008"]
[Site "Subotica"]
[Date "2008.09.09"]
[Round "8.2"]
[White "Strikovic, Aleksa"]
[Black "Barlov, Dragan"]
[Result "0-1"]
[WhiteElo "2512"]
[BlackElo "2474"]
[PlyCount "64"]
[EventDate "2008.09.01"]

1. c4 c5 2. Nf3 Nc6 3. Nc3 g6 4. e3 Bg7 5. d4 d6 6. d5 Nb8 7. h3 Nf6 8. Bd3 O-O
9. O-O e6 10. e4 Na6 11. Bg5 h6 12. Be3 e5 13. Qd2 h5 14. a3 Nh7 15. Ng5 Nxg5
16. Bxg5 f6 17. Be3 f5 18. f4 g5 19. fxg5 f4 20. Bf2 Qxg5 21. Kh2 Nc7 22. Ne2
Ne8 23. Rad1 Nf6 24. g3 Bxh3 25. Kxh3 Qg4+ 26. Kh2 f3 27. Ng1 h4 28. Nh3 hxg3+
29. Bxg3 Qh5 30. Rh1 Bh6 31. Qe1 Be3 32. Bf2 Bxf2 0-1

[Event "SRB Team Chmp 2008"]
[Site "Subotica"]
[Date "2008.09.09"]
[Round "8.2"]
[White "Aleksic, Nenad"]
[Black "Savic, Miodrag R"]
[Result "0-1"]
[WhiteElo "2371"]
[BlackElo "2519"]
[PlyCount "110"]
[EventDate "2008.09.01"]

1. e4 d5 2. exd5 Qxd5 3. Nf3 Bg4 4. Be2 Nc6 5. O-O O-O-O 6. h3 Bh5 7. Nc3 Qd7
8. b4 Nf6 9. a3 Bxf3 10. Bxf3 Nd4 11. d3 g6 12. Rb1 Bg7 13. Re1 Rhe8 14. Be3 e5
15. Bg5 Qf5 16. Ne4 h5 17. Bxf6 Bxf6 18. Nxf6 Qxf6 19. Be4 Qa6 20. g3 f5 21.
Bg2 Qa4 22. Rb2 Qxa3 23. Qb1 Qc3 24. b5 h4 25. gxh4 f4 26. Be4 Rh8 27. Qa1 Rxh4
28. Ra2 Qxa1 29. Rexa1 Rxh3 30. Rxa7 f3 31. Bxb7+ Kd7 32. Bc6+ Kd6 33. Bxf3
Rxf3 34. R1a6+ c6 35. bxc6 Nxc6 36. Rb7 Rc8 37. Rbb6 Rf7 38. Kg2 Rfc7 39. c3
Kd7 40. Kf3 Rf8+ 41. Ke3 g5 42. Rb5 Rf6 43. f3 Rf4 44. d4 Ne7 45. Rxe5 Rxc3+
46. Kd2 Rc7 47. Rxg5 Rxf3 48. Re5 Rb7 49. Kc2 Nf5 50. Rd5+ Ke7 51. Kc1 Rf2 52.
Raa5 Kf6 53. Ra6+ Kg5 54. Ra8 Rh7 55. Rg8+ Kf6 0-1

[Event "SRB Team Chmp 2008"]
[Site "Subotica"]
[Date "2008.09.09"]
[Round "8.2"]
[White "Jeremic, Veljko"]
[Black "Novoselski, Zoran"]
[Result "0-1"]
[WhiteElo "2503"]
[BlackElo "2388"]
[PlyCount "86"]
[EventDate "2008.09.01"]

1. d4 g6 2. c4 Bg7 3. Nc3 c5 4. d5 e5 5. e4 d6 6. Bd3 Ne7 7. Nge2 f5 8. f4 O-O
9. O-O Nd7 10. exf5 gxf5 11. fxe5 Nxe5 12. Bg5 Bf6 13. Bxf6 Rxf6 14. Ng3 Qf8
15. Qd2 Kh8 16. Nce2 Bd7 17. Nh5 Qh6 18. Qxh6 Rxh6 19. Nhf4 Rg8 20. a4 N7g6 21.
b3 Nh4 22. Ng3 Ng4 23. Nfe2 Nxh2 24. Rf4 Ng6 25. Rxf5 Ne5 26. Be4 Bxf5 27. Nxf5
Rh3 28. Nf4 Nhf3+ 29. Kf2 Ng4+ 30. Ke2 Nd4+ 31. Nxd4 Re3+ 32. Kd2 cxd4 33. Bc2
Rf8 34. Rf1 Kg8 35. Bd1 Ne5 36. Rf2 a5 37. c5 dxc5 38. d6 c4 39. bxc4 Nxc4+ 40.
Kc1 Nxd6 41. Kb2 Nc4+ 42. Ka2 Ra3+ 43. Kb1 Rf6 0-1

[Event "SRB Team Chmp 2008"]
[Site "Subotica"]
[Date "2008.09.09"]
[Round "8.3"]
[White "Georgiev, Kiril"]
[Black "Svetushkin, Dmitry"]
[Result "0-1"]
[WhiteElo "2671"]
[BlackElo "2587"]
[PlyCount "134"]
[EventDate "2008.09.01"]

1. d4 d5 2. c4 c6 3. Nf3 Nf6 4. Nc3 a6 5. e3 e6 6. Qc2 c5 7. cxd5 exd5 8. Be2
Nc6 9. O-O Be6 10. a3 cxd4 11. exd4 Bd6 12. Bg5 h6 13. Bh4 O-O 14. Rad1 Re8 15.
Rfe1 Rc8 16. Qd2 Be7 17. Bd3 Nd7 18. Bg3 Nf8 19. h3 Bd6 20. Bf4 Ne7 21. Na4
Bxf4 22. Qxf4 Qc7 23. Qd2 Nd7 24. b4 Nc6 25. Rc1 Qd6 26. Nc5 Rc7 27. Bb1 Nf8
28. Rc3 Rce7 29. Rec1 Nd8 30. Bd3 Nd7 31. Re1 Nxc5 32. bxc5 Qc7 33. Ne5 Bd7 34.
Rb1 Nc6 35. Nxc6 Bxc6 36. Rcb3 Re6 37. R3b2 Qe7 38. Bf1 Qf6 39. Qc3 Re4 40. Rd2
h5 41. Rdd1 g6 42. Rd3 h4 43. Rdd1 Kg7 44. Rd3 R8e7 45. Rbd1 Qg5 46. Qd2 Qxd2
47. R3xd2 Ba4 48. f3 Re3 49. Ra1 Kf6 50. Kf2 Kg5 51. Re2 Kf4 52. Rae1 Rxe2+ 53.
Rxe2 Re6 54. Rb2 Bc6 55. Rb6 f5 56. a4 g5 57. a5 Rf6 58. Bxa6 bxa6 59. Rxa6 g4
60. Rb6 Re6 61. a6 g3+ 62. Kf1 Ke3 63. a7 Kd2 64. Rb2+ Kc3 65. Rb6 Re7 66. f4
Rxa7 67. Ke2 Re7+ 0-1

[Event "SRB Team Chmp 2008"]
[Site "Subotica"]
[Date "2008.09.09"]
[Round "8.3"]
[White "Drasko, Milan"]
[Black "Marjanovic, Slavoljub"]
[Result "1/2-1/2"]
[WhiteElo "2508"]
[BlackElo "2479"]
[PlyCount "23"]
[EventDate "2008.09.01"]

1. Nf3 Nf6 2. g3 d5 3. Bg2 Bf5 4. O-O e6 5. d3 h6 6. c4 Nc6 7. cxd5 exd5 8. Qa4
Bd7 9. Nc3 a6 10. e4 dxe4 11. dxe4 Bd6 12. h3 1/2-1/2

[Event "SRB Team Chmp 2008"]
[Site "Subotica"]
[Date "2008.09.09"]
[Round "8.3"]
[White "Martinovic, Slobodan"]
[Black "Djuric, Stefan"]
[Result "1/2-1/2"]
[WhiteElo "2453"]
[BlackElo "2462"]
[PlyCount "55"]
[EventDate "2008.09.01"]

1. Nf3 g6 2. e4 c5 3. c4 Bg7 4. d4 Nc6 5. d5 Nd4 6. Nxd4 Bxd4 7. Nd2 d6 8. Bd3
Bg7 9. O-O Nf6 10. h3 O-O 11. a4 e5 12. dxe6 fxe6 13. e5 dxe5 14. Ne4 Qc7 15.
Bg5 Nh5 16. g3 b6 17. Qg4 Qd7 18. Bc2 Qc7 19. Rad1 Bb7 20. Rd2 Rf5 21. Nc3 Bc6
22. Be4 Raf8 23. h4 Nf6 24. Bxf6 R5xf6 25. Bxc6 Qxc6 26. Qe4 Qe8 27. Rfd1 Rf3
28. Re2 1/2-1/2

[Event "SRB Team Chmp 2008"]
[Site "Subotica"]
[Date "2008.09.09"]
[Round "8.3"]
[White "Tosic, Miroslav"]
[Black "Miljkovic, Miroslav D"]
[Result "0-1"]
[WhiteElo "2422"]
[BlackElo "2427"]
[PlyCount "102"]
[EventDate "2008.09.01"]

1. e4 c5 2. d3 Nc6 3. g3 g6 4. Bg2 Bg7 5. c3 e6 6. Be3 b6 7. Ne2 Nge7 8. d4
cxd4 9. Nxd4 O-O 10. Na3 Bb7 11. O-O d5 12. exd5 Nxd5 13. Nxc6 Bxc6 14. Bd2 Ne7
15. Bg5 Bxg2 16. Qxd8 Rfxd8 17. Kxg2 f6 18. Be3 Nd5 19. Rad1 Rd7 20. Bc1 Rad8
21. Kf3 e5 22. Nc2 f5 23. Bg5 Nf6 24. Rxd7 Rxd7 25. Ke2 Kf7 26. a4 Bf8 27. f3
h6 28. Bxf6 Kxf6 29. Ne1 h5 30. Nd3 h4 31. g4 h3 32. g5+ Kxg5 33. Nxe5 Re7 34.
f4+ Kf6 35. Rd1 g5 36. Kf3 g4+ 37. Kg3 Rxe5 38. fxe5+ Kxe5 39. Re1+ Kf6 40. Rd1
Ke6 41. Re1+ Kf6 42. Rd1 Kg5 43. Kf2 Bc5+ 44. Kf1 f4 45. b4 Be3 46. Ke2 Kf5 47.
Rd8 g3 48. Rf8+ Ke6 49. hxg3 fxg3 50. Rf3 h2 51. Rxe3+ Kd5 0-1

[Event "SRB Team Chmp 2008"]
[Site "Subotica"]
[Date "2008.09.09"]
[Round "8.3"]
[White "Perunovic, Miodrag"]
[Black "Kosanovic, Goran A"]
[Result "1/2-1/2"]
[WhiteElo "2419"]
[BlackElo "2393"]
[PlyCount "114"]
[EventDate "2008.09.01"]

1. d4 d5 2. c4 c6 3. Nf3 Nf6 4. e3 Bg4 5. cxd5 Bxf3 6. Qxf3 cxd5 7. Nc3 Nc6 8.
Bd3 e6 9. Bd2 a6 10. O-O Be7 11. Qh3 b5 12. Rac1 Qb6 13. f4 h5 14. Qf3 Rd8 15.
Qe2 Kf8 16. a4 b4 17. Nb1 Ra8 18. Be1 g6 19. Nd2 Kg7 20. Nf3 Rhc8 21. Bh4 Ng8
22. Bf2 a5 23. h3 Nf6 24. Nd2 Nd8 25. g4 Nb7 26. Rxc8 Rxc8 27. f5 hxg4 28. hxg4
gxf5 29. gxf5 Rg8 30. Rc1 Nd6 31. fxe6 fxe6 32. Qf3 Kf7+ 33. Kf1 Ke8 34. Ke2
Rf8 35. Bg3 Nfe4 36. Bf4 Nxd2 37. Kxd2 Kd7 38. Qg4 b3 39. Ke2 Nc4 40. Bxc4 dxc4
41. d5 Qa6 42. dxe6+ Kc8 43. Rc3 Kb7 44. Qf3+ Ka7 45. Qd5 Rc8 46. Be5 Bb4 47.
Bd4+ Kb8 48. Qe5+ Bd6 49. Qe4 Qc6 50. Qxc6 Rxc6 51. Kf3 Bb4 52. Rc1 Kc7 53.
Be5+ Kd8 54. Ke4 Ke7 55. Bc3 Kxe6 56. Kd4 Bc5+ 57. Ke4 Bb4 1/2-1/2

[Event "SRB Team Chmp 2008"]
[Site "Subotica"]
[Date "2008.09.09"]
[Round "8.3"]
[White "Klasan, Vladimir"]
[Black "Maksimovic, Branimir"]
[Result "1/2-1/2"]
[WhiteElo "2330"]
[BlackElo "2397"]
[PlyCount "112"]
[EventDate "2008.09.01"]

1. e4 e6 2. d4 d5 3. Nc3 Bb4 4. Bd3 dxe4 5. Bxe4 Nf6 6. Bd3 c5 7. a3 Bxc3+ 8.
bxc3 Qc7 9. Nf3 Nbd7 10. O-O c4 11. Be2 Nd5 12. Bd2 b6 13. Re1 O-O 14. Bf1 Bb7
15. Ne5 Nxe5 16. Rxe5 Ne7 17. Rh5 Ng6 18. Qg4 Rfe8 19. Re1 Rad8 20. Re3 e5 21.
Qd1 Qc6 22. Re1 b5 23. Be3 Rd5 24. f3 h6 25. Qc1 a6 26. Bf2 f6 27. Be3 e4 28.
Rxd5 Qxd5 29. Bf2 f5 30. a4 bxa4 31. Qa3 Bc6 32. Qb4 Bb5 33. fxe4 Rxe4 34. Rxe4
fxe4 35. Bg3 Kh7 36. Be2 Qg5 37. Qd6 Qc1+ 38. Kf2 e3+ 39. Kf3 a3 40. h4 Qxc2
41. Qxa3 Bc6+ 42. Kxe3 Qe4+ 43. Kd2 Qxg2 44. h5 Qxg3 45. hxg6+ Qxg6 46. Qxa6
Qg5+ 47. Kd1 Bb5 48. Qe6 h5 49. d5 Ba4+ 50. Ke1 Bc2 51. d6 Qc1+ 52. Kf2 Qf4+
53. Ke1 Bf5 54. Qd5 Qg3+ 55. Kd2 Qg5+ 56. Ke1 Qg3+ 1/2-1/2

[Event "SRB Team Chmp 2008"]
[Site "Subotica"]
[Date "2008.09.09"]
[Round "8.4"]
[White "Khenkin, Igor"]
[Black "Berkes, Ferenc"]
[Result "1/2-1/2"]
[WhiteElo "2655"]
[BlackElo "2645"]
[PlyCount "37"]
[EventDate "2008.09.01"]

1. d4 Nf6 2. c4 e6 3. Nf3 d5 4. Nc3 Be7 5. Bf4 O-O 6. e3 Nbd7 7. a3 c5 8. cxd5
Nxd5 9. Nxd5 exd5 10. dxc5 Nxc5 11. Be5 Bf6 12. Bxf6 Qxf6 13. Qd4 Qd6 14. Rd1
Rd8 15. b4 Ne6 16. Qb2 a5 17. Bd3 axb4 18. axb4 Bd7 19. O-O 1/2-1/2

[Event "SRB Team Chmp 2008"]
[Site "Subotica"]
[Date "2008.09.09"]
[Round "8.4"]
[White "Sedlak, Nikola"]
[Black "Todorovic, Goran M"]
[Result "1-0"]
[WhiteElo "2576"]
[BlackElo "2479"]
[PlyCount "57"]
[EventDate "2008.09.01"]

1. d4 d5 2. Bf4 c5 3. e3 Nc6 4. c3 Qb6 5. Qb3 c4 6. Qc2 Nf6 7. Nd2 Nh5 8. Bg5
h6 9. Bh4 g5 10. Be2 Ng7 11. Bg3 Bf5 12. e4 Bg6 13. h4 gxh4 14. Rxh4 O-O-O 15.
Ngf3 Nh5 16. Rxh5 Bxh5 17. exd5 Rxd5 18. Nxc4 Qd8 19. Ne3 e6 20. Nxd5 Qxd5 21.
Kf1 Rg8 22. b4 Bg6 23. Qa4 Be4 24. b5 Nd8 25. Qxa7 Rxg3 26. Qa8+ Kd7 27. fxg3
Bd6 28. g4 Ke8 29. c4 1-0

[Event "SRB Team Chmp 2008"]
[Site "Subotica"]
[Date "2008.09.09"]
[Round "8.4"]
[White "Marinkovic, Slavisa"]
[Black "Bogosavljevic, Boban"]
[Result "0-1"]
[WhiteElo "2380"]
[BlackElo "2533"]
[PlyCount "54"]
[EventDate "2008.09.01"]

1. e4 c5 2. Nf3 Nc6 3. Nc3 Nf6 4. g3 d5 5. exd5 Nxd5 6. Bg2 Bg4 7. h3 Bh5 8.
O-O e6 9. Nxd5 Qxd5 10. g4 Bg6 11. d4 cxd4 12. Nxd4 Be4 13. Nb5 Qxb5 14. Bxe4
h5 15. Qd3 Qxd3 16. Bxd3 hxg4 17. hxg4 O-O-O 18. Be3 Bd6 19. Rad1 Kc7 20. Be2
Rh3 21. Kg2 Rh2+ 22. Kf3 Rdh8 23. Bf4 R8h3+ 24. Ke4 Bxf4 25. Kxf4 e5+ 26. Ke4
Nd4 27. Rd2 f6 0-1

[Event "SRB Team Chmp 2008"]
[Site "Subotica"]
[Date "2008.09.09"]
[Round "8.4"]
[White "Djukic, Nikola"]
[Black "Stamenkovic, Dragan"]
[Result "1/2-1/2"]
[WhiteElo "2545"]
[BlackElo "2412"]
[PlyCount "77"]
[EventDate "2008.09.01"]

1. e4 c5 2. Nf3 Nc6 3. d4 cxd4 4. Nxd4 g6 5. Nc3 Bg7 6. Be3 Nf6 7. Bc4 O-O 8.
Bb3 a5 9. O-O d6 10. f3 Nxd4 11. Bxd4 Bd7 12. a3 Bc6 13. Re1 Nd7 14. Bxg7 Kxg7
15. Qd4+ Kg8 16. Nd5 a4 17. Ba2 Bxd5 18. exd5 Re8 19. Re4 Qc7 20. c3 Qc5 21.
Rd1 Nf6 22. Rf4 Rec8 23. Qf2 Qxf2+ 24. Kxf2 Rc5 25. Rb4 b5 26. Rdd4 Ra5 27. Ke2
Nd7 28. c4 Nb6 29. Kd2 Kf8 30. cxb5 Raxb5 31. Rxb5 Rxb5 32. Kc3 Rc5+ 33. Kd2
Rb5 34. Kc2 Rc5+ 35. Kb1 Rb5 36. Kc2 Rc5+ 37. Kd3 Rb5 38. Kc3 Rc5+ 39. Kd2
1/2-1/2

[Event "SRB Team Chmp 2008"]
[Site "Subotica"]
[Date "2008.09.09"]
[Round "8.4"]
[White "Marinkovic, Ivan"]
[Black "Nestorovic, Nikola"]
[Result "1-0"]
[WhiteElo "2453"]
[BlackElo "2422"]
[PlyCount "75"]
[EventDate "2008.09.01"]

1. e4 c5 2. Nc3 a6 3. Nge2 b5 4. g4 e6 5. Bg2 Bb7 6. Ng3 Ne7 7. O-O Ng6 8. d3
Be7 9. f4 b4 10. Nce2 d5 11. f5 Nh4 12. Bh1 exf5 13. exf5 g5 14. Nh5 h6 15.
Neg3 Nd7 16. b3 Bf6 17. Re1+ Kf8 18. Rb1 Rb8 19. Bb2 d4 20. Bxb7 Rxb7 21. Ne4
Be7 22. Qe2 Ne5 23. Rf1 f6 24. Rbe1 Kf7 25. Nexf6 Bxf6 26. Nxf6 Re7 27. Ne4 Qd5
28. h3 Rhe8 29. Bc1 Nd7 30. Qh2 Re5 31. Bxg5 hxg5 32. Nxg5+ Kg8 33. Rxe5 Rxe5
34. Qf2 Ng6 35. Ne4 Ne7 36. Qh4 Rxe4 37. dxe4 Qxe4 38. Re1 1-0

[Event "SRB Team Chmp 2008"]
[Site "Subotica"]
[Date "2008.09.09"]
[Round "8.4"]
[White "Roganovic, Milos"]
[Black "Certic, Branimir"]
[Result "1-0"]
[WhiteElo "2393"]
[BlackElo "2392"]
[PlyCount "99"]
[EventDate "2008.09.01"]

1. e4 e6 2. d4 d5 3. Nd2 Nd7 4. Ngf3 Ne7 5. Bd3 c5 6. O-O cxd4 7. Nxd4 Nc5 8.
Bb5+ Bd7 9. Re1 Bxb5 10. Nxb5 Qd7 11. a4 Rd8 12. Nxa7 dxe4 13. Qe2 Nf5 14. Nb5
e3 15. fxe3 Be7 16. Nf3 O-O 17. e4 Nd6 18. Nxd6 Bxd6 19. b3 e5 20. Ba3 Ne6 21.
Rad1 Qc7 22. Bxd6 Rxd6 23. Rxd6 Qxd6 24. Rd1 Qc7 25. Rd2 Rc8 26. Qb5 f6 27. Rd7
Qc5+ 28. Qxc5 Nxc5 29. Rd5 Nxe4 30. c4 Kf8 31. a5 Rc7 32. Nd2 Nc3 33. Rd3 Na2
34. Rd6 Nb4 35. Rb6 Nc6 36. b4 Ke7 37. c5 Na7 38. Nc4 Nc8 39. Rd6 Rd7 40. Rxd7+
Kxd7 41. b5 Na7 42. Nd6 g6 43. Kf2 f5 44. Ke3 Ke6 45. b6 Nc6 46. Nxb7 Nb4 47.
c6 Nxc6 48. a6 Ne7 49. Nc5+ Kd6 50. b7 1-0

[Event "SRB Team Chmp 2008"]
[Site "Subotica"]
[Date "2008.09.09"]
[Round "8.6"]
[White "Halkias, Stelios"]
[Black "Sutovsky, Emil"]
[Result "1/2-1/2"]
[WhiteElo "2579"]
[BlackElo "2654"]
[PlyCount "30"]
[EventDate "2008.09.01"]

1. Nf3 g6 2. c4 Bg7 3. Nc3 e5 4. g3 Nc6 5. Bg2 d6 6. Rb1 a5 7. d3 Nf6 8. O-O
O-O 9. a3 Nd4 10. Nxd4 exd4 11. Nb5 Ng4 12. a4 c6 13. Na3 h5 14. Nc2 h4 15. h3
Nh6 1/2-1/2

[Event "SRB Team Chmp 2008"]
[Site "Subotica"]
[Date "2008.09.09"]
[Round "8.6"]
[White "Solak, Dragan"]
[Black "Abramovic, Bosko"]
[Result "1-0"]
[WhiteElo "2596"]
[BlackElo "2488"]
[PlyCount "70"]
[EventDate "2008.09.01"]

1. e4 e5 2. Nf3 Nc6 3. Bb5 a6 4. Bxc6 dxc6 5. O-O Qf6 6. d4 exd4 7. Bg5 Qd6 8.
Nxd4 Be7 9. Bxe7 Nxe7 10. Nc3 Bd7 11. Nb3 O-O-O 12. Qf3 Ng6 13. Rad1 Qe7 14.
Qe3 Kb8 15. Nc5 Bc8 16. Rxd8 Rxd8 17. Rd1 Rd6 18. Nd3 f6 19. Re1 b6 20. f4 Rd8
21. Qg3 Bb7 22. h4 Nf8 23. f5 Nd7 24. Kh2 Qf7 25. Ne2 g6 26. Nef4 Nf8 27. e5
fxe5 28. Rxe5 c5 29. Qg5 Rc8 30. b3 Qd7 31. f6 c4 32. bxc4 Qa4 33. c5 b5 34. f7
a5 35. Re8 Qd4 1-0

[Event "SRB Team Chmp 2008"]
[Site "Subotica"]
[Date "2008.09.09"]
[Round "8.6"]
[White "Brenjo, Slavisa"]
[Black "Kovacevic, Aleksandar"]
[Result "1/2-1/2"]
[WhiteElo "2486"]
[BlackElo "2585"]
[PlyCount "30"]
[EventDate "2008.09.01"]

1. e4 c5 2. Nf3 d6 3. d4 cxd4 4. Nxd4 Nf6 5. Nc3 g6 6. Be2 Bg7 7. O-O O-O 8.
Nb3 Nc6 9. Bg5 a6 10. f4 Bd7 11. Kh1 b5 12. Bf3 Rc8 13. Re1 h6 14. Bh4 Nh7 15.
Bf2 g5 1/2-1/2

[Event "SRB Team Chmp 2008"]
[Site "Subotica"]
[Date "2008.09.09"]
[Round "8.6"]
[White "Markus, Robert"]
[Black "Ostojic, Nikola"]
[Result "1-0"]
[WhiteElo "2572"]
[BlackElo "2429"]
[PlyCount "73"]
[EventDate "2008.09.01"]

1. Nf3 c5 2. c4 Nc6 3. Nc3 Nd4 4. g3 Nxf3+ 5. exf3 Qb6 6. Nd5 Qa5 7. Bg2 e6 8.
Nc3 Ne7 9. d4 cxd4 10. Qxd4 Nc6 11. Qd3 Bb4 12. O-O Ne5 13. Qd4 Bc5 14. Qe4 f5
15. Qe2 Nc6 16. f4 O-O 17. Be3 Be7 18. Rfd1 d6 19. a3 Qc7 20. Rac1 Qb8 21. b4
Bd7 22. c5 d5 23. b5 Na5 24. Nxd5 exd5 25. Bxd5+ Kh8 26. Bd2 Bd8 27. c6 bxc6
28. bxc6 Nxc6 29. Bxc6 Bxc6 30. Rxc6 Qb2 31. Qd3 Bb6 32. Rc2 Qf6 33. Bc3 Qg6
34. Qf3 Rac8 35. Rd7 Rxc3 36. Qxc3 h6 37. Re2 1-0

[Event "SRB Team Chmp 2008"]
[Site "Subotica"]
[Date "2008.09.09"]
[Round "8.6"]
[White "Benkovic, Petar"]
[Black "Lazic, Miroljub"]
[Result "1/2-1/2"]
[WhiteElo "2479"]
[BlackElo "2528"]
[PlyCount "45"]
[EventDate "2008.09.01"]

1. Nf3 d5 2. d4 Nf6 3. c4 c6 4. Nc3 e6 5. Bg5 h6 6. Bxf6 Qxf6 7. Qc2 Nd7 8. e4
dxe4 9. Qxe4 g6 10. Qe3 Bg7 11. Ne4 Qe7 12. c5 O-O 13. Nd6 b6 14. Bc4 bxc5 15.
dxc5 Nb6 16. Nxc8 Nxc8 17. Rb1 Qc7 18. O-O Ne7 19. b4 Rfd8 20. Rfc1 Nd5 21. Qe1
a5 22. b5 cxb5 23. Bxb5 1/2-1/2

[Event "SRB Team Chmp 2008"]
[Site "Subotica"]
[Date "2008.09.09"]
[Round "8.6"]
[White "Popovic, Petar"]
[Black "Bakic, Rados"]
[Result "1/2-1/2"]
[WhiteElo "2478"]
[BlackElo "2383"]
[PlyCount "65"]
[EventDate "2008.09.01"]

1. e4 e5 2. Nf3 Nf6 3. Nc3 Nc6 4. Bb5 Bd6 5. O-O O-O 6. d3 h6 7. Ne2 a6 8. Ba4
Re8 9. Ng3 Bf8 10. Bd2 b5 11. Bb3 d6 12. h3 Be6 13. Bxe6 Rxe6 14. c4 bxc4 15.
dxc4 Nd4 16. Ba5 Nxf3+ 17. Qxf3 Qb8 18. b3 Qb7 19. Rad1 g6 20. Qd3 Nd7 21. Qd5
c6 22. Qd2 Ree8 23. Kh1 Nc5 24. f4 exf4 25. Qxf4 Re6 26. Bc3 Qe7 27. Bf6 Qe8
28. Bb2 Rb8 29. Qf2 Bg7 30. Bxg7 Kxg7 31. Qd4+ Kg8 32. Rf4 Re5 33. Qf2 1/2-1/2